Návrh novostavby s kultúrno-spoločenskou funkciou v stavebnej prieluke MPR Nitra

Saved in:
Bibliographic Details
Main Author: Szekeres, Enikő (Author)
Other Authors: Gregorová, Jana (Thesis advisor)
Format: Manuscript Book
Language:Slovak
Published: 2025
Subjects:
Online Access:http://is.stuba.sk/zp/portal_zp.pl?podrobnosti=167866
CRZP
Tags: Add Tag
No Tags, Be the first to tag this record!

MARC

LEADER 00000ntm a22000003a 4500
001 stuzp105490
003 SK-STU
005 20250801110414.8
007 ta
008 150427s2015----xo-----f-mn---000-0-slo-d
040 |a STU  |b slo 
041 0 |a slo 
100 1 |a Szekeres, Enikő  |u 010310  |4 aut  |U SvF Stavebná fakulta  |T SvF Katedra architektúry  |X 115235  |U V181|V310  |Y 19  |7 115235 
242 0 1 |a Design of a new building with a cultural and social function in the building niche of MPR Nitra  |y eng 
245 1 0 |a Návrh novostavby s kultúrno-spoločenskou funkciou v stavebnej prieluke MPR Nitra 
260 |c 2025 
650 4 |a stavebná prieluka  |2 slo 
650 4 |a pamiatková rezervácia  |2 slo 
650 4 |a občianska vybavenosť  |2 slo 
650 4 |a kaviareň s ateliérom  |2 slo 
650 4 |a vacancy lot  |2 eng 
650 4 |a urban heritage reserve  |2 eng 
650 4 |a civic amenities  |2 eng 
650 4 |a café with studio  |2 eng 
700 1 |a Gregorová, Jana  |u 010310  |k Z1  |4 ths  |U SvF Stavebná fakulta  |T SvF Katedra architektúry  |X 420  |U V181|V310  |Y 19  |7 A000000420 
856 4 |u http://is.stuba.sk/zp/portal_zp.pl?podrobnosti=167866 
856 4 |u https://opac.crzp.sk/?fn=detailBiblioForm&sid=4013D2F8FE5692F45ACA2C4F6B33  |z CRZP